[Event "Araraquara op 2nd"]
[Site "Araraquara"]
[Date "2024.02.11"]
[Round "4"]
[White "Ikejiri, Daniel Yoshito"]
[Black "Santos, Abel Cardoso Dos"]
[Result "1/2-1/2"]
[WhiteElo "1916"]
[BlackElo "1842"]
[PlyCount "76"]
[EventDate "2024.02.10"]
[EventType "swiss"]
[EventRounds "7"]
[EventCountry "BRA"]
[SourceTitle "CB09_2024"]
[SourceDate "2024.02.28"]
[SourceVersion "1"]
[SourceVersionDate "2024.02.28"]
[SourceQuality "1"]

1. e4 e5 2. Nf3 Nc6 3. d4 exd4 4. Nxd4 Bc5 5. Nb3 Bb6 6. Nc3 Nf6 7. Qe2 d6 8. Bg5 h6 9. Be3 Qe7 10. Bxb6 axb6 11. 0-0-0 0-0 12. Kb1 Re8 13. f3 Be6 14. Qd2 Na5 15. Nd4 Bc4 16. Nf5 Qe6 17. b3 Bxf1 18. Rhxf1 Qe5 19. Qd4 Nc6 20. Qxe5 Rxe5 21. Kb2 b5 22. a3 b4 23. axb4 Nxb4 24. Ra1 Rea5 25. Rxa5 Rxa5 26. Rd1 h5 27. Ne3 g6 28. Ra1 Rxa1 29. Kxa1 c6 30. Kb2 Kf8 31. Ne2 d5 32. exd5 Nbxd5 33. Nd1 Ke7 34. c4 Nc7 35. Kc3 c5 36. Nb2 Nd7 37. Nd3 Kd6 38. Ng3 Nf6 1/2-1/2

[Event "Araraquara op 2nd"]
[Site "Araraquara"]
[Date "2024.02.11"]
[Round "3"]
[White "Santos, Abel Cardoso Dos"]
[Black "Godinho, Bruno Cesar Ferreir"]
[Result "1-0"]
[WhiteElo "1842"]
[BlackElo "1763"]
[PlyCount "95"]
[EventDate "2024.02.10"]
[EventType "swiss"]
[EventRounds "7"]
[EventCountry "BRA"]
[SourceTitle "CB09_2024"]
[SourceDate "2024.02.28"]
[SourceVersion "1"]
[SourceVersionDate "2024.02.28"]
[SourceQuality "1"]

1. e4 c6 2. d4 d5 3. Nc3 dxe4 4. Nxe4 Nf6 5. Nxf6+ exf6 6. c3 Bd6 7. Bd3 0-0 8. Qc2 Re8+ 9. Ne2 h5 10. Be3 h4 11. 0-0-0 Nd7 12. g3 h3 13. Bf5 Nb6 14. Ng1 Nc4 15. Re1 Qa5 16. Bxc8 Raxc8 17. Nxh3 Qxa2 18. Bf4 Qa1+ 19. Qb1 Qxb1+ 20. Kxb1 Bxf4 21. Nxf4 Nd2+ 22. Kc2 Rxe1 23. Rxe1 Nf3 24. Re7 Rb8 25. h4 Kf8 26. Rc7 g5 27. hxg5 Nxg5 28. d5 cxd5 29. Rd7 Ke8 30. Rxd5 Ne4 31. Nd3 Rd8 32. Rf5 Ke7 33. Rf4 Ng5 34. Ra4 Ra8 35. Nf4 Kd6 36. Rd4+ Kc6 37. Nd3 Re8 38. Nb4+ Kc5 39. Rd5+ Kb6 40. Rd6+ Kb5 41. Rxf6 Ne4 42. Rf5+ Nc5 43. Nd3 b6 44. b4 Kc4 45. Rf4+ Ne4 46. f3 f5 47. fxe4 fxe4 48. Nf2 1-0

[Event "Sao Paulo Sampa op"]
[Site "Sao Paulo"]
[Date "2024.02.01"]
[Round "5"]
[White "Terao, Juliana Sayumi"]
[Black "Santos, Abel Cardoso Dos"]
[Result "1-0"]
[WhiteElo "2190"]
[BlackElo "1842"]
[PlyCount "75"]
[EventDate "2024.01.29"]
[EventType "swiss"]
[EventRounds "9"]
[EventCountry "BRA"]
[SourceTitle "CB06_2024"]
[SourceDate "2024.02.07"]
[SourceVersion "1"]
[SourceVersionDate "2024.02.07"]
[SourceQuality "1"]

1. e4 e5 2. Nf3 Nc6 3. Bb5 a6 4. Ba4 Nf6 5. 0-0 Be7 6. Re1 b5 7. Bb3 d6 8. c3 Na5 9. Bc2 c5 10. h3 0-0 11. d4 cxd4 12. cxd4 Nc6 13. Nc3 Bd7 14. Be3 Rc8 15. Qe2 Re8 16. Rad1 Qc7 17. Bb1 h6 18. Nd5 Nxd5 19. exd5 Nxd4 20. Nxd4 exd4 21. Bxd4 Bf8 22. Qd3 g6 23. Qg3 Kh7 24. Qf4 f5 25. g4 Rxe1+ 26. Rxe1 Qd8 27. gxf5 Qg5+ 28. Qxg5 hxg5 29. fxg6+ Kh6 30. Kg2 Re8 31. Rc1 Rc8 32. Rxc8 Bxc8 33. Kg3 Bg7 34. Bxg7+ Kxg7 35. h4 gxh4+ 36. Kxh4 Kh6 37. f4 Bd7 38. b4 1-0

[Event "Sao Paulo Sampa op"]
[Site "Sao Paulo"]
[Date "2024.01.30"]
[Round "2"]
[White "Santos, Abel Cardoso Dos"]
[Black "Bomeisel, Pedro Rangel"]
[Result "1-0"]
[WhiteElo "1842"]
[BlackElo "1385"]
[PlyCount "55"]
[EventDate "2024.01.29"]
[EventType "swiss"]
[EventRounds "9"]
[EventCountry "BRA"]
[SourceTitle "CB06_2024"]
[SourceDate "2024.02.07"]
[SourceVersion "1"]
[SourceVersionDate "2024.02.07"]
[SourceQuality "1"]

1. e4 c6 2. d4 d5 3. Nc3 dxe4 4. Nxe4 Bf5 5. Ng3 Bg6 6. h4 h6 7. Nf3 Nd7 8. h5 Bh7 9. Bd3 Bxd3 10. Qxd3 e6 11. Bd2 Ngf6 12. 0-0-0 Bd6 13. Ne4 Nxe4 14. Qxe4 Nf6 15. Qe2 Qc7 16. Kb1 0-0-0 17. c4 c5 18. Bc3 cxd4 19. Nxd4 Bc5 20. Nb3 e5 21. Bxe5 Rde8 22. f4 Bd6 23. Rhe1 Bxe5 24. fxe5 Nd7 25. Qg4 Rhg8 26. Rd5 b6 27. c5 Qc6 28. Red1 1-0

[Event "Florianopolis op 10th"]
[Site "Florianopolis"]
[Date "2024.01.22"]
[Round "3"]
[White "Toffoli, Vanessa"]
[Black "Santos, Abel Cardoso Dos"]
[Result "0-1"]
[WhiteElo "1466"]
[BlackElo "1854"]
[PlyCount "58"]
[EventDate "2024.01.20"]
[EventType "swiss"]
[EventRounds "10"]
[EventCountry "BRA"]
[SourceTitle "CB05_2024"]
[SourceDate "2024.01.31"]
[SourceVersion "1"]
[SourceVersionDate "2024.01.31"]
[SourceQuality "1"]

1. e4 e5 2. f4 exf4 3. Nf3 g5 4. h4 g4 5. Ne5 d6 6. Nxg4 Be7 7. Bc4 Bxh4+ 8. Nf2 Qg5 9. d3 Nf6 10. Qf3 Bg3 11. Kf1 Nc6 12. c3 Ne5 13. Qe2 Nxc4 14. dxc4 Be6 15. Nd2 0-0-0 16. Nf3 Qc5 17. b3 Bxf2 18. Qxf2 Nxe4 19. Qxc5 Ng3+ 20. Ke1 dxc5 21. Rh2 Rhe8 22. Bxf4 Bg4+ 23. Kf2 Ne4+ 24. Kg1 Nxc3 25. Kf1 Ne2 26. Rh4 h5 27. Bg5 Ng3+ 28. Kg1 Rd7 29. Kf2 Ne4+ 0-1

[Event "Florianopolis op 10th"]
[Site "Florianopolis"]
[Date "2024.01.20"]
[Round "1"]
[White "Baratieri, Maria Vitoria"]
[Black "Santos, Abel Cardoso Dos"]
[Result "0-1"]
[WhiteElo "1152"]
[BlackElo "1854"]
[PlyCount "52"]
[EventDate "2024.01.20"]
[EventType "swiss"]
[EventRounds "10"]
[EventCountry "BRA"]
[SourceTitle "CB05_2024"]
[SourceDate "2024.01.31"]
[SourceVersion "1"]
[SourceVersionDate "2024.01.31"]
[SourceQuality "1"]

1. d4 Nf6 2. c4 g6 3. f3 Bg7 4. e4 d6 5. Nc3 Nbd7 6. Be3 e5 7. d5 Nh5 8. g4 Nf4 9. Nge2 Nxe2 10. Bxe2 Bf6 11. 0-0 h5 12. Qd2 Bh4 13. f4 exf4 14. Bxf4 Ne5 15. c5 Qe7 16. cxd6 cxd6 17. Bb5+ Bd7 18. Bxd7+ Qxd7 19. Bxe5 dxe5 20. Qe2 a6 21. h3 Bg5 22. Rad1 Bf4 23. Qf3 hxg4 24. Qxg4 Qxg4+ 25. hxg4 Rh4 26. Rf3 0-0-0 0-1

[Event "Rio de Janeiro op 2nd"]
[Site "Rio de Janeiro"]
[Date "2023.05.02"]
[Round "1"]
[White "Santos, Abel Cardoso Dos"]
[Black "Perdomo, Leandro Daniel"]
[Result "0-1"]
[WhiteElo "1819"]
[BlackElo "2402"]
[PlyCount "156"]
[EventDate "2023.05.02"]
[EventType "swiss"]
[EventRounds "9"]
[EventCountry "BRA"]
[SourceTitle "CBM 214 Extra"]
[Source "ChessBase"]
[SourceDate "2023.07.31"]
[SourceVersion "1"]
[SourceVersionDate "2023.07.31"]
[SourceQuality "1"]

1. e4 e5 2. Nf3 Nc6 3. Bb5 a6 4. Ba4 Nf6 5. 0-0 Be7 6. Re1 b5 7. Bb3 d6 8. c3 0-0 9. h3 Na5 10. Bc2 c5 11. d4 Qc7 12. Nbd2 cxd4 13. cxd4 Nc6 14. d5 Nb4 15. Bb1 a5 16. Nf1 Bd7 17. Ng3 Rfc8 18. Bd2 Nc2 19. Bxc2 Qxc2 20. Qxc2 Rxc2 21. Rec1 Rxc1+ 22. Rxc1 Bd8 23. Be3 Rc8 24. Rxc8 Bxc8 25. Nd2 g6 26. Ne2 b4 27. f3 Ba6 28. Kf2 Nd7 29. Nc1 f5 30. g3 Nf6 31. b3 h5 32. Ne2 Bd3 33. Nc1 fxe4 34. Nxd3 exd3 35. Nc4 Nxd5 36. Nxd6 Nc3 37. Ke1 Nxa2 38. Kd2 Nc3 39. Ne4 Nd5 40. Kxd3 Kf7 41. Bd2 Ke6 42. Kc4 Nb6+ 43. Kc5 Nc8 44. Kc6 Ne7+ 45. Kc5 Nf5 46. Kc4 Nd4 47. Nc5+ Kf7 48. f4 Nf3 49. Be3 exf4 50. Bxf4 g5 51. Be3 Bc7 52. Bf2 Kg6 53. Ne6 Be5 54. Kb5 Kf5 55. Nc5 Bc7 56. Kc6 Bd8 57. Nb7 Bf6 58. Nxa5 Ke4 59. Kc5 Be7+ 60. Kc6 Ne5+ 61. Kc7 Kf3 62. Bd4 Nd3 63. Nc6 Bf8 64. Ne5+ Ke4 65. Ng6 Kxd4 66. Nxf8 Ke3 67. Ne6 g4 68. hxg4 hxg4 69. Ng5 Kf2 70. Ne4+ Kf3 71. Nd2+ Kxg3 72. Kd6 Kf4 73. Nf1 g3 74. Nxg3 Kxg3 75. Kd5 Kf3 76. Kd4 Ke2 77. Ke4 Kd2 78. Kd4 Nb2 0-1

[Event "Sao Jose dos Campos op"]
[Site "Sao Jose dos Campos"]
[Date "2022.09.10"]
[Round "5"]
[White "Celestino, Filipe Maia Nunes"]
[Black "Santos, Abel Cardoso Dos"]
[Result "1-0"]
[WhiteElo "1376"]
[BlackElo "1826"]
[PlyCount "91"]
[EventDate "2022.09.08"]
[EventType "swiss"]
[EventRounds "7"]
[EventCountry "BRA"]
[SourceTitle "CBM 210 Extra"]
[Source "ChessBase"]
[SourceDate "2022.11.30"]
[SourceVersion "1"]
[SourceVersionDate "2022.11.30"]
[SourceQuality "1"]

1. e4 e5 2. Nf3 Nc6 3. Bc4 Nf6 4. d3 Bc5 5. c3 d6 6. Nbd2 0-0 7. 0-0 Bg4 8. Re1 Na5 9. Bb5 a6 10. Ba4 b5 11. b4 Nb7 12. bxc5 bxa4 13. cxd6 cxd6 14. h3 Bh5 15. Nf1 Qc7 16. Bd2 Nc5 17. Bg5 Nfd7 18. Ng3 Bg6 19. d4 Ne6 20. Qxa4 Nxg5 21. Nxg5 h6 22. Nf3 Nb6 23. Qa5 Rfc8 24. dxe5 dxe5 25. Nxe5 Qxc3 26. Qxc3 Rxc3 27. Nxg6 fxg6 28. Rab1 Nd7 29. e5 Re8 30. e6 Nc5 31. Rb6 Nd3 32. Re2 Rc1+ 33. Kh2 a5 34. f3 Re7 35. Re4 Rc2 36. a4 Nc5 37. Re5 Nxa4 38. Rb8+ Kh7 39. Rxa5 Rc4 40. Raa8 g5 41. Re8 Rxe8 42. Rxe8 Kg6 43. Ne4 Rc7 44. e7 Ra7 45. Nd6 h5 46. Nc8 1-0

[Event "Jatai Goias Rio Claro op"]
[Site "Jatai Goias"]
[Date "2022.07.17"]
[Round "5"]
[White "Santos, Abel Cardoso Dos"]
[Black "Matsunaga, Lange Cristina"]
[Result "1-0"]
[WhiteElo "1834"]
[BlackElo "1432"]
[PlyCount "82"]
[EventDate "2022.07.15"]
[EventType "swiss"]
[EventRounds "6"]
[EventCountry "BRA"]
[SourceTitle "CBM 209 Extra"]
[Source "ChessBase"]
[SourceDate "2022.09.30"]
[SourceVersion "1"]
[SourceVersionDate "2022.09.30"]
[SourceQuality "1"]

1. e4 e5 2. Nf3 Nc6 3. Bb5 Nf6 4. Qe2 a6 5. Bxc6 bxc6 6. Nxe5 Bb7 7. Nf3 d6 8. d4 Be7 9. Nc3 0-0 10. 0-0 Re8 11. Qd3 a5 12. Re1 Qc8 13. h3 c5 14. dxc5 dxc5 15. Bg5 Qe6 16. e5 c4 17. Qe3 Nd5 18. Nxd5 Qxd5 19. Bxe7 Rxe7 20. Rad1 Qc6 21. Qg5 Re6 22. Nd4 Rg6 23. Nxc6 Rxg5 24. f4 Rh5 25. Nxa5 Ba6 26. Nc6 Rh6 27. Ne7+ Kf8 28. Nd5 Rc8 29. f5 Bb7 30. Ne3 Rc6 31. Rd4 Ba6 32. c3 Re8 33. Nc2 Rc5 34. Rde4 Bb7 35. R4e2 f6 36. exf6 Rxe2 37. fxg7+ Kxg7 38. Rxe2 Bd5 39. Rf2 c6 40. g3 Rb5 41. Ne3 Rb7 1-0

[Event "BRA-ch U2000 Amateurs"]
[Site "Sao Paulo"]
[Date "2022.06.18"]
[Round "5"]
[White "Santos, Abel Cardoso Dos"]
[Black "Reichert, Thiago da Cruz"]
[Result "0-1"]
[WhiteElo "1813"]
[BlackElo "1997"]
[PlyCount "158"]
[EventDate "2022.06.16"]
[EventType "swiss"]
[EventRounds "7"]
[EventCountry "BRA"]
[SourceTitle "CBM 208 Extra"]
[Source "ChessBase"]
[SourceDate "2022.07.31"]
[SourceVersion "1"]
[SourceVersionDate "2022.07.31"]
[SourceQuality "1"]

1. e4 e6 2. d4 d5 3. e5 c5 4. c3 Nc6 5. Nf3 Qb6 6. Bd3 Bd7 7. dxc5 Bxc5 8. 0-0 a5 9. Qc2 Nge7 10. Bf4 Rc8 11. a3 a4 12. Nbd2 Na5 13. Rad1 Bb5 14. h3 h6 15. Ne1 g5 16. Bh2 h5 17. Bxb5+ Qxb5 18. Qd3 Qb6 19. Qe2 Nf5 20. Nd3 Be7 21. Rfe1 Nc4 22. Nf1 Kd7 23. Ng3 Ng7 24. Nb4 Bxb4 25. axb4 Ke7 26. Ra1 Qc6 27. Qc2 h4 28. Ne2 Nf5 29. Red1 b5 30. Nd4 Nxd4 31. Rxd4 Rhg8 32. Rg4 Rce8 33. Qc1 f6 34. exf6+ Kxf6 35. Kh1 e5 36. f3 Qe6 37. Bg1 Qf5 38. Qd1 Rd8 39. b3 axb3 40. Ra6+ Kf7 41. Qxb3 Rg6 42. Ra7+ Rd7 43. Qd1 Rxa7 44. Qxd5+ Qe6 45. Qxe6+ Kxe6 46. Bxa7 Kf5 47. Re4 Ra6 48. Bf2 Ra3 49. Be1 Nb2 50. Kh2 Nd3 51. Re3 Nxe1 52. Rxe1 Rxc3 53. g4+ Kf4 54. Re4+ Kxf3 55. Rxe5 Rc2+ 56. Kg1 Kg3 57. Re3+ Kf4 58. Rb3 Ke4 59. Kf1 Kd4 60. Rf3 Kc4 61. Rf5 Kxb4 62. Rxg5 Rh2 63. Rf5 Rxh3 64. g5 Rg3 65. Rf4+ Ka3 66. Rxh4 Rxg5 67. Rh3+ Ka4 68. Ke2 Rd5 69. Rf3 b4 70. Rf1 Ka3 71. Rf8 b3 72. Ra8+ Kb2 73. Rc8 Ka2 74. Ra8+ Kb1 75. Rb8 b2 76. Ra8 Kc2 77. Rc8+ Kb3 78. Rb8+ Kc3 79. Rb7 Rd4 0-1

[Event "BRA-ch U2000 Amateurs"]
[Site "Sao Paulo"]
[Date "2022.06.17"]
[Round "4"]
[White "Santos, Abel Cardoso Dos"]
[Black "Jenidarchiche, Douglas Rodrigo"]
[Result "1-0"]
[WhiteElo "1813"]
[BlackElo "1795"]
[PlyCount "125"]
[EventDate "2022.06.16"]
[EventType "swiss"]
[EventRounds "7"]
[EventCountry "BRA"]
[SourceTitle "CBM 208 Extra"]
[Source "ChessBase"]
[SourceDate "2022.07.31"]
[SourceVersion "1"]
[SourceVersionDate "2022.07.31"]
[SourceQuality "1"]

1. e4 e5 2. Nf3 Nc6 3. Bb5 a6 4. Ba4 d6 5. d4 b5 6. Bb3 Nxd4 7. Nxd4 exd4 8. Bd5 Rb8 9. Qxd4 c5 10. Qc3 Nf6 11. Bc6+ Bd7 12. Bxd7+ Qxd7 13. 0-0 Be7 14. Re1 0-0 15. h3 Qc6 16. Nd2 Rfe8 17. Qg3 Bd8 18. f3 Bc7 19. Qf2 c4 20. Nf1 d5 21. exd5 Nxd5 22. Kh1 Bb6 23. Qg3 Rxe1 24. Bh6 Bd4 25. Rxe1 Qc7 26. Qxc7 Nxc7 27. Bf4 Re8 28. Rxe8+ Nxe8 29. c3 Bf6 30. g4 Kf8 31. Ne3 Ke7 32. g5 Bxc3 33. bxc3 Ke6 34. Kg2 f6 35. h4 fxg5 36. hxg5 g6 37. Kf2 Ng7 38. Ke2 Kd7 39. Ng4 Kc6 40. Nf6 Ne6 41. Be3 a5 42. a3 Nc7 43. Kd2 Na6 44. Nxh7 b4 45. cxb4 axb4 46. axb4 Nxb4 47. Nf8 Kb5 48. Bd4 Nc6 49. Bc3 Kc5 50. Nxg6 Kd6 51. Ke3 Ke6 52. Nh4 Kd5 53. f4 Ne7 54. f5 Ng8 55. Ng6 Kd6 56. Kd4 Kd7 57. Kxc4 Ke8 58. Kd5 Kf7 59. Kd6 Ke8 60. Ke6 Ne7 61. Nxe7 Kf8 62. g6 Ke8 63. g7 1-0

[Event "BRA-ch U2000 Amateurs"]
[Site "Sao Paulo"]
[Date "2022.06.16"]
[Round "2"]
[White "Jankov, Leon"]
[Black "Santos, Abel Cardoso Dos"]
[Result "0-1"]
[WhiteElo "1603"]
[BlackElo "1813"]
[PlyCount "62"]
[EventDate "2022.06.16"]
[EventType "swiss"]
[EventRounds "7"]
[EventCountry "BRA"]
[SourceTitle "CBM 208 Extra"]
[Source "ChessBase"]
[SourceDate "2022.07.31"]
[SourceVersion "1"]
[SourceVersionDate "2022.07.31"]
[SourceQuality "1"]

1. e4 e5 2. Nf3 Nc6 3. Bc4 Nf6 4. d3 Bc5 5. 0-0 h6 6. c3 d6 7. Be3 Bxe3 8. fxe3 Na5 9. Bb5+ c6 10. Ba4 b5 11. Bc2 0-0 12. d4 Qe7 13. Nbd2 Bg4 14. a4 a6 15. Re1 c5 16. h3 Bd7 17. Nh4 g6 18. Nhf3 Kg7 19. b4 cxb4 20. cxb4 Nc6 21. Nb3 bxa4 22. Na5 Nxa5 23. bxa5 Rac8 24. Bxa4 Bxa4 25. Rxa4 Rfe8 26. dxe5 dxe5 27. Qe2 Rc6 28. Rd1 Rb8 29. Qd2 Qc5 30. Kf2 Rb3 31. Re1 Qb5 0-1

[Event "Rio de Janeiro op"]
[Site "Rio de Janeiro"]
[Date "2022.04.22"]
[Round "3"]
[White "Oliveira, Wendell"]
[Black "Santos, Abel Cardoso Dos"]
[Result "1-0"]
[WhiteElo "1800"]
[BlackElo "1798"]
[PlyCount "71"]
[EventDate "2022.04.21"]
[EventType "swiss"]
[EventRounds "6"]
[EventCountry "BRA"]
[SourceTitle "CBM 207 Extra"]
[Source "ChessBase"]
[SourceDate "2022.05.31"]
[SourceVersion "1"]
[SourceVersionDate "2022.05.31"]
[SourceQuality "1"]

1. e4 e5 2. f4 exf4 3. Bc4 Qh4+ 4. Kf1 Nc6 5. Nf3 Qh5 6. d4 d6 7. Bxf4 Bg4 8. Be2 Bxf3 9. gxf3 g5 10. Bg3 0-0-0 11. f4 Qh3+ 12. Kf2 h5 13. f5 Nf6 14. Bf3 h4 15. c3 d5 16. exd5 Nxd5 17. Qd3 Nde7 18. Be5 Rg8 19. Bf6 g4 20. Be4 g3+ 21. hxg3 hxg3+ 22. Kg1 Qg4 23. Rh4 Ne5 24. Rxg4 Nxg4 25. Bh4 Nf2 26. Qf3 c6 27. Nd2 Rd6 28. Bxg3 Nh3+ 29. Kf1 Rh6 30. Ke2 Nd5 31. Rf1 Ng5 32. Qg4 Bd6 33. f6+ Kc7 34. Bxd6+ Kxd6 35. Nc4+ Kc7 36. Qg3+ 1-0

[Event "Jatai Goias op"]
[Site "Jatai"]
[Date "2021.08.07"]
[Round "4"]
[White "Arruda Filho, Ivo Pereira de"]
[Black "Santos, Abel Cardoso Dos"]
[Result "1/2-1/2"]
[WhiteElo "1712"]
[BlackElo "1809"]
[PlyCount "54"]
[EventDate "2021.08.06"]
[EventType "swiss"]
[EventRounds "6"]
[EventCountry "BRA"]
[SourceTitle "EXT 2022"]
[Source "ChessBase"]
[SourceDate "2021.10.06"]
[SourceVersion "1"]
[SourceVersionDate "2021.10.06"]
[SourceQuality "1"]

1. Nf3 Nf6 2. d4 g6 3. e3 Bg7 4. Nbd2 d6 5. Bd3 Nbd7 6. b3 c5 7. Bb2 0-0 8. 0-0 Re8 9. Ne4 b6 10. c4 Nxe4 11. Bxe4 Rb8 12. Rb1 Qc7 13. d5 Nf6 14. Qc2 Nxe4 15. Bxg7 Kxg7 16. Qxe4 Bf5 17. Qh4 Bxb1 18. Rxb1 e5 19. e4 b5 20. cxb5 Rxb5 21. Qg3 Qa5 22. h4 h5 23. Qh3 Qxa2 24. Qd7 Rbb8 25. Ng5 Rf8 26. Ne6+ Kg8 27. Nxf8 Rxf8 1/2-1/2

[Event "Goiania op"]
[Site "Goiania"]
[Date "2021.02.27"]
[Round "4"]
[White "Santos, Abel Cardoso Dos"]
[Black "Deus Filho, Joaquim"]
[Result "1/2-1/2"]
[WhiteElo "1770"]
[BlackElo "1927"]
[PlyCount "111"]
[EventDate "2021.02.26"]
[EventType "swiss"]
[EventRounds "6"]
[EventCountry "BRA"]
[SourceTitle "EXT 2022"]
[Source "ChessBase"]
[SourceDate "2021.10.06"]
[SourceVersion "1"]
[SourceVersionDate "2021.10.06"]
[SourceQuality "1"]

1. e4 e6 2. d4 b6 3. c4 Bb7 4. f3 f5 5. exf5 exf5 6. Qd2 Nf6 7. a3 g6 8. Bd3 Bg7 9. Ne2 0-0 10. 0-0 Nc6 11. Nbc3 Na5 12. Qc2 d5 13. cxd5 Nxd5 14. b4 Nxc3 15. Qxc3 Nc6 16. Bb2 Kh8 17. Bb5 Ne7 18. Rad1 Nd5 19. Qd3 Qe7 20. Bc1 a5 21. bxa5 Rxa5 22. Rfe1 Qd6 23. Bc4 h6 24. Kh1 Kh7 25. Qb3 Bc6 26. Nc3 Nxc3 27. Qxc3 Ba4 28. Re6 Qd7 29. Rde1 Bf6 30. Qb4 Qd8 31. Re7+ Kh8 32. Bxh6 Bxe7 33. Rxe7 Re8 34. Bg7+ Kh7 35. Qd2 f4 36. Qxf4 Rh5 37. Rxe8 Qxe8 38. Be5 Qe7 39. g4 Rh6 40. Bd3 Bc6 41. Kg2 Bd5 42. g5 Rh5 43. h4 Qe6 44. Qf8 Qg4+ 45. Bg3 Rxh4 46. Qe7+ Kg8 47. Qd8+ Kg7 48. Qf6+ Kg8 49. Qd8+ Kh7 50. Qxc7+ Kg8 51. Qd8+ Kh7 52. Qe7+ Kg8 53. Qd8+ Kh7 54. Qe7+ Kg8 55. Qd8+ Kh7 56. Qe7+ 1/2-1/2

[Event "Timbo op"]
[Site "Timbo"]
[Date "2021.02.19"]
[Round "2"]
[White "Starke, Bruno Orlando"]
[Black "Santos, Abel Cardoso Dos"]
[Result "1/2-1/2"]
[WhiteElo "2153"]
[BlackElo "1770"]
[PlyCount "47"]
[EventDate "2021.02.19"]
[EventType "swiss"]
[EventRounds "6"]
[EventCountry "BRA"]
[SourceTitle "EXT 2022"]
[Source "ChessBase"]
[SourceDate "2021.10.06"]
[SourceVersion "1"]
[SourceVersionDate "2021.10.06"]
[SourceQuality "1"]

1. d4 Nf6 2. Nf3 g6 3. c4 Bg7 4. g3 d6 5. Bg2 0-0 6. 0-0 Nbd7 7. Nc3 c6 8. e4 e5 9. h3 Qe7 10. Re1 h6 11. b3 Rd8 12. Qd2 a6 13. Ba3 c5 14. dxe5 dxe5 15. Rad1 Rb8 16. Bb2 b5 17. Nd5 Nxd5 18. exd5 Qd6 19. Qc3 b4 20. Qe3 f5 21. Qc1 f4 22. Qa1 Re8 23. Rd2 Re7 24. Rde2 1/2-1/2

[Event "Goiania FEXEG Cup"]
[Site "Goiania"]
[Date "2020.02.16"]
[Round "4"]
[White "De Souza Sa, Apolo"]
[Black "Santos, Abel Cardoso Dos"]
[Result "0-1"]
[WhiteElo "1932"]
[BlackElo "1783"]
[PlyCount "98"]
[EventDate "2020.02.14"]
[EventType "swiss"]
[EventRounds "5"]
[EventCountry "BRA"]
[SourceTitle "CBM 195 Extra"]
[Source "ChessBase"]
[SourceDate "2020.05.31"]
[SourceVersion "1"]
[SourceVersionDate "2020.05.31"]
[SourceQuality "1"]

1. e4 e5 2. Nf3 Nc6 3. Bc4 Nf6 4. d3 Bc5 5. c3 d6 6. 0-0 h6 7. Nbd2 0-0 8. Bb3 d5 9. Qe2 Re8 10. Re1 Bg4 11. Nf1 dxe4 12. dxe4 Qe7 13. h3 Be6 14. Ba4 Bd7 15. Ng3 Kh7 16. Bb3 g6 17. Be3 Bxe3 18. Qxe3 Na5 19. Bc2 Nc4 20. Qc1 Rad8 21. a4 b6 22. b3 Nd6 23. Qe3 Bc6 24. Qe2 a5 25. Nd2 Rd7 26. Rad1 Red8 27. Ndf1 Nde8 28. Qc4 Rxd1 29. Bxd1 Bd7 30. Ne3 Be6 31. Qb5 Bd7 32. Qe2 Be6 33. Nc4 Qc5 34. Qb2 Bxc4 35. bxc4 Nd6 36. Qe2 Qxc4 37. Qf3 Kg7 38. Bc2 Nb7 39. Nf1 Nc5 40. Ne3 Qa2 41. Qg3 Qe6 42. Qf3 Rd2 43. g4 Qa2 44. Bb1 Qxa4 45. h4 Ne6 46. Nd5 Nxd5 47. exd5 Qf4 48. Qg3 Qxg3+ 49. fxg3 Nc5 0-1

[Event "Goiania Franca Memorial"]
[Site "Goiania"]
[Date "2019.10.20"]
[Round "5"]
[White "Santos, Abel Cardoso Dos"]
[Black "Ferraz, Michel Liah"]
[Result "1-0"]
[WhiteElo "1774"]
[BlackElo "1784"]
[PlyCount "97"]
[EventDate "2019.10.18"]
[EventType "swiss"]
[EventRounds "5"]
[EventCountry "BRA"]
[SourceTitle "CBM 193 Extra"]
[Source "ChessBase"]
[SourceDate "2020.01.31"]
[SourceVersion "1"]
[SourceVersionDate "2020.01.31"]
[SourceQuality "1"]

1. e4 c5 2. Nf3 Nc6 3. d4 cxd4 4. Nxd4 g6 5. c4 Bg7 6. Be3 Nf6 7. f3 0-0 8. Nc3 Nxd4 9. Bxd4 d6 10. Qd2 Bd7 11. g4 Qa5 12. 0-0-0 Rfb8 13. Kb1 a6 14. Nd5 Qxd2 15. Rxd2 Nxd5 16. cxd5 Bxd4 17. Rxd4 f6 18. h4 h6 19. Be2 Kg7 20. f4 g5 21. f5 Rc8 22. h5 Rc5 23. Rc4 Rac8 24. Rxc5 Rxc5 25. Rc1 Kf7 26. b4 Rxc1+ 27. Kxc1 Ke8 28. Kb2 Ba4 29. Kc3 Kd8 30. a3 Kc7 31. Kb2 Kb6 32. Kc3 a5 33. Kb2 axb4 34. axb4 Bb5 35. Bd1 Bd3 36. Bf3 Bf1 37. Kc3 Kb5 38. Kb3 b6 39. Kc3 Ka4 40. Bd1+ Ka3 41. Bf3 b5 42. Bd1 Bg2 43. Be2 Bxe4 44. Bxb5 Bxd5 45. Bd7 Bf3 46. b5 Ka4 47. Bc6 Ka5 48. Bxf3 Kxb5 49. Kd4 1-0